| 000 | 00915nam a2200265 i 4500 | ||
|---|---|---|---|
| 003 | MX-MxUPN | ||
| 005 | 20260408063913.0 | ||
| 008 | 251028s2025 mx||||||r|||| 000 0 spa d | ||
| 020 | _a9786074106220 | ||
| 040 |
_aMX-MxUPN _bspa _cMX-MxUPN |
||
| 041 | 0 | _aspa | |
| 050 | 1 | 4 |
_aLB2322.2 _bR36 2025 |
| 100 | 1 |
_aRamírez Carbajal, Juan _929904 |
|
| 100 | 1 |
_aRamírez Carbajal, Miguel _947861 |
|
| 100 | 1 |
_aLópez Vazquez, Viviana Yamilet _947863 |
|
| 245 | 1 | 3 |
_aLa escuela envejecida : _bcrisis y perspectivas de la educación en el siglo XXI |
| 250 | _aSegunda edición. | ||
| 260 |
_aNaucalpan, Estado de México : _bInnovación Editorial Lagares de México, _c2025 |
||
| 300 | _a229 páginas | ||
| 650 | 4 |
_aEducación superior _ySiglo XXI _924627 |
|
| 650 | 4 |
_aEducación y globalización _910054 |
|
| 902 |
_aMarisolLicea/28102025 _bVíctor Ruiz/070426 |
||
| 942 |
_2lcc _cLIBRO _n0 |
||
| 999 |
_c214404 _d214404 |
||